000 00406nam a2200145Ia 4500
008 100122s9999 xx 000 0 und d
082 _b42029
_a823
100 _aशिरवळकर सुहास
245 _aहत्यारा
260 _bरावजी प्रकाशन
_c1988
300 _a163
630 _aहत्यारा
730 _aहत्यारा
942 _cBOOK
999 _c422485
_d422482